ARRUPE JESUIT UNIVERSITY

CORONAVIRUS -STOP THE SPREAD - CLEAN,DISINFECT,COVER

Zimbabwe's plunge (Record no. 93920)

MARC details
000 -LEADER
fixed length control field 00624nam a2200241Ia 4500
003 - CONTROL NUMBER IDENTIFIER
control field 0100
005 - DATE AND TIME OF LATEST TRANSACTION
control field 20170601121042.0
008 - FIXED-LENGTH DATA ELEMENTS--GENERAL INFORMATION
fixed length control field 130307s9999 xx 000 0 und d
020 ## - INTERNATIONAL STANDARD BOOK NUMBER
International Standard Book Number 1869140141
040 ## - CATALOGING SOURCE
Transcribing agency ARRUPELIB
050 ## - LIBRARY OF CONGRESS CALL NUMBER
Classification number DT2996 .B66 2003
300 ## - PHYSICAL DESCRIPTION
Other physical details 304 p. 23 cm
100 ## - MAIN ENTRY--PERSONAL NAME
Personal name Bond, Patrick
9 (RLIN) 6724
245 ## - TITLE STATEMENT
Title Zimbabwe's plunge
245 ## - TITLE STATEMENT
Remainder of title exhausted nationalism, neoliberalism, and the search for social justice
250 ## - EDITION STATEMENT
Edition statement 2nd ed.
260 ## - PUBLICATION, DISTRIBUTION, ETC. (IMPRINT)
Name of publisher, distributor, etc University of Natal Press
Place of publication, distribution, etc Pietermaritzburg
Date of publication, distribution, etc 2003
300 ## - PHYSICAL DESCRIPTION
Extent xx
650 ## - SUBJECT ADDED ENTRY--TOPICAL TERM
Topical term or geographic name as entry element Zimbabwe
General subdivision Politics and government
Chronological subdivision 1980
9 (RLIN) 31935
700 ## - ADDED ENTRY--PERSONAL NAME
Personal name Manyanya, Masimba
9 (RLIN) 31936
942 00 - ADDED ENTRY ELEMENTS (KOHA)
Koha issues (borrowed), all copies 2
Source of classification or shelving scheme Library of Congress Classification
Koha item type Monograph ( Printed materials)
Holdings
Withdrawn status Lost status Source of classification or shelving scheme Damaged status Not for loan Collection code Home library Current library Shelving location Date acquired Total Checkouts Full call number Barcode Date last seen Date checked out Copy number Price effective from Koha item type
    Library of Congress Classification     Main Collection ARRUPE LIBRARY ARRUPE LIBRARY   07/03/2013 2 DT2996 .B66 2003 46003074730 07/12/2017 23/11/2016 1 07/03/2013 Monograph ( Printed materials)
    Library of Congress Classification     Main Collection ARRUPE LIBRARY ARRUPE LIBRARY   07/03/2013 9 DT2996 .B66 2003 46003087830 31/10/2019 30/09/2019 2 07/03/2013 Monograph ( Printed materials)

 

Arrupe Library. PO Box MP320 Mt Pleasant, Harare, Zimbabwe
263 242 745411|librarian@aju.ac.zw